<?xml version="1.0" encoding="UTF-8"?>
<record
    xmlns:xsi="http://www.w3.org/2001/XMLSchema-instance"
    xsi:schemaLocation="http://www.loc.gov/MARC21/slim http://www.loc.gov/standards/marcxml/schema/MARC21slim.xsd"
    xmlns="http://www.loc.gov/MARC21/slim">

  <leader>00776nam a22001577a 4500</leader>
  <controlfield tag="003">LRUA</controlfield>
  <controlfield tag="005">20200313145245.0</controlfield>
  <controlfield tag="008">200313b        xxu||||| |||| 00| 0 eng d</controlfield>
  <datafield tag="040" ind1=" " ind2=" ">
    <subfield code="c">RUA</subfield>
  </datafield>
  <datafield tag="082" ind1=" " ind2=" ">
    <subfield code="a">RUB MEN 2018 B662 Or.1</subfield>
  </datafield>
  <datafield tag="100" ind1=" " ind2=" ">
    <subfield code="9">14197</subfield>
    <subfield code="a">MENG SOPHA  &#x1798;&#x17C9;&#x17C1;&#x1784;&#x200B; &#x179F;&#x17BB;&#x1795;&#x17B6;&#x200B; </subfield>
  </datafield>
  <datafield tag="245" ind1=" " ind2=" ">
    <subfield code="a">EFFECTS OF PLANTING DENSITY ON GROWTH AND YIELD OF CLONE IRCA 230 AT CAMBODIAN RUBBER RESEARCH  &#x17A5;&#x1791;&#x17D2;&#x1792;&#x17B7;&#x1796;&#x179B;&#x1793;&#x17C3;&#x178A;&#x1784;&#x17CB;&#x179F;&#x17CA;&#x17B8;&#x178F;&#x17C1;&#x178A;&#x17B6;&#x17C6;&#x178A;&#x17BB;&#x17C7;&#x179B;&#x17BE;&#x1780;&#x17B6;&#x179A;&#x179B;&#x17BC;&#x178F;&#x179F;&#x17B6;&#x179B;&#x17CB;&#x200B; &#x1793;&#x17B7;&#x1784;&#x200B;&#x1791;&#x17B7;&#x1793;&#x17D2;&#x1793;&#x1795;&#x179B;&#x179A;&#x1794;&#x179F;&#x17CB;&#x1780;&#x17D2;&#x179B;&#x17BC;&#x1793;&#x1780;&#x17C5;&#x179F;&#x17CA;&#x17BC; IRCA 230 &#x1793;&#x17C5;&#x179C;&#x1791;&#x17D2;&#x1799;&#x17B6;&#x179F;&#x17D2;&#x1790;&#x17B6;&#x1793;&#x179F;&#x17D2;&#x179A;&#x17B6;&#x179C;&#x1787;&#x17D2;&#x179A;&#x17B6;&#x179C;&#x1780;&#x17C5;&#x1780;&#x1798;&#x17D2;&#x1796;&#x17BB;&#x1787;&#x17B6;  </subfield>
  </datafield>
  <datafield tag="260" ind1=" " ind2=" ">
    <subfield code="a">rua</subfield>
    <subfield code="b">phnom penh</subfield>
  </datafield>
  <datafield tag="300" ind1=" " ind2=" ">
    <subfield code="a">xiv,65p</subfield>
    <subfield code="b">ill,</subfield>
    <subfield code="c">29cm</subfield>
  </datafield>
  <datafield tag="942" ind1=" " ind2=" ">
    <subfield code="2">ddc</subfield>
    <subfield code="c">RUB</subfield>
  </datafield>
  <datafield tag="999" ind1=" " ind2=" ">
    <subfield code="c">19128</subfield>
    <subfield code="d">19128</subfield>
  </datafield>
  <datafield tag="952" ind1=" " ind2=" ">
    <subfield code="0">0</subfield>
    <subfield code="1">0</subfield>
    <subfield code="2">ddc</subfield>
    <subfield code="4">0</subfield>
    <subfield code="6">RUB_MEN_2018_000000000000000_B662_OR_1</subfield>
    <subfield code="7">0</subfield>
    <subfield code="9">83960</subfield>
    <subfield code="a">LBB</subfield>
    <subfield code="b">LBB</subfield>
    <subfield code="c">B662</subfield>
    <subfield code="d">2020-03-13</subfield>
    <subfield code="o">RUB MEN 2018 B662 Or.1</subfield>
    <subfield code="p">A063844</subfield>
    <subfield code="r">2020-03-13</subfield>
    <subfield code="w">2020-03-13</subfield>
    <subfield code="y">RUB</subfield>
  </datafield>
  <datafield tag="952" ind1=" " ind2=" ">
    <subfield code="0">0</subfield>
    <subfield code="1">0</subfield>
    <subfield code="2">ddc</subfield>
    <subfield code="4">0</subfield>
    <subfield code="6">RUB_MEN_2018_000000000000000_B662_OR_2</subfield>
    <subfield code="7">0</subfield>
    <subfield code="9">83961</subfield>
    <subfield code="a">LBB</subfield>
    <subfield code="b">LBB</subfield>
    <subfield code="c">B662</subfield>
    <subfield code="d">2020-03-13</subfield>
    <subfield code="o">RUB MEN 2018 B662 Or.2</subfield>
    <subfield code="p">A43165</subfield>
    <subfield code="r">2020-03-13</subfield>
    <subfield code="w">2020-03-13</subfield>
    <subfield code="y">RUB</subfield>
  </datafield>
  <datafield tag="952" ind1=" " ind2=" ">
    <subfield code="0">0</subfield>
    <subfield code="1">0</subfield>
    <subfield code="2">ddc</subfield>
    <subfield code="4">0</subfield>
    <subfield code="6">RUB_MEN_2018_000000000000000_B662_OR_3</subfield>
    <subfield code="7">0</subfield>
    <subfield code="9">83962</subfield>
    <subfield code="a">LBB</subfield>
    <subfield code="b">LBB</subfield>
    <subfield code="c">B662</subfield>
    <subfield code="d">2020-03-13</subfield>
    <subfield code="o">RUB MEN 2018 B662 Or.3</subfield>
    <subfield code="p">A063814</subfield>
    <subfield code="r">2020-03-13</subfield>
    <subfield code="w">2020-03-13</subfield>
    <subfield code="y">RUB</subfield>
  </datafield>
  <datafield tag="952" ind1=" " ind2=" ">
    <subfield code="0">0</subfield>
    <subfield code="1">0</subfield>
    <subfield code="2">ddc</subfield>
    <subfield code="4">0</subfield>
    <subfield code="6">RUB_MEN_2018_000000000000000_B662_OR_4</subfield>
    <subfield code="7">0</subfield>
    <subfield code="9">83963</subfield>
    <subfield code="a">LBB</subfield>
    <subfield code="b">LBB</subfield>
    <subfield code="c">B662</subfield>
    <subfield code="d">2020-03-13</subfield>
    <subfield code="o">RUB MEN 2018 B662 Or.4</subfield>
    <subfield code="p">A43220</subfield>
    <subfield code="r">2020-03-13</subfield>
    <subfield code="w">2020-03-13</subfield>
    <subfield code="y">RUB</subfield>
  </datafield>
  <datafield tag="952" ind1=" " ind2=" ">
    <subfield code="0">0</subfield>
    <subfield code="1">0</subfield>
    <subfield code="2">ddc</subfield>
    <subfield code="4">0</subfield>
    <subfield code="6">RUB_MEN_2018_000000000000000_B662_OR_5</subfield>
    <subfield code="7">0</subfield>
    <subfield code="9">83964</subfield>
    <subfield code="a">LBB</subfield>
    <subfield code="b">LBB</subfield>
    <subfield code="c">B662</subfield>
    <subfield code="d">2020-03-13</subfield>
    <subfield code="o">RUB MEN 2018 B662 Or.5</subfield>
    <subfield code="p">A43290</subfield>
    <subfield code="r">2020-03-13</subfield>
    <subfield code="w">2020-03-13</subfield>
    <subfield code="y">RUB</subfield>
  </datafield>
  <datafield tag="952" ind1=" " ind2=" ">
    <subfield code="0">0</subfield>
    <subfield code="1">0</subfield>
    <subfield code="2">ddc</subfield>
    <subfield code="4">0</subfield>
    <subfield code="6">RUB_MEN_2018_000000000000000_B662_OR_6</subfield>
    <subfield code="7">0</subfield>
    <subfield code="9">83965</subfield>
    <subfield code="a">LBB</subfield>
    <subfield code="b">LBB</subfield>
    <subfield code="c">B662</subfield>
    <subfield code="d">2020-03-13</subfield>
    <subfield code="o">RUB MEN 2018 B662 Or.6</subfield>
    <subfield code="p">A43180</subfield>
    <subfield code="r">2020-03-13</subfield>
    <subfield code="w">2020-03-13</subfield>
    <subfield code="y">RUB</subfield>
  </datafield>
</record>
